| 000 | 01012nam a2200241Ia 4500 | ||
|---|---|---|---|
| 001 | ebr10064792 | ||
| 003 | CaPaEBR | ||
| 006 | m u | ||
| 007 | cr cn||||||||| | ||
| 008 | 031008s2004 nyua s 000 0 eng d | ||
| 040 |
_aCaPaEBR _cCaPaEBR |
||
| 035 | _a(OCoLC)70773709 | ||
| 050 | 1 | 4 |
_aRA643.8 _b.A44 2004eb |
| 245 | 0 | 0 |
_aAddressing the HIV/AIDS pandemic _h[electronic resource] : _ba U.S. global AIDS strategy for the long term. |
| 260 |
_aNew York, NY : _bCouncil on Foreign Relations Press : _bMilbank Memorial Fund, _cc2004. |
||
| 300 |
_av, 32 p. : _bill. |
||
| 533 |
_aElectronic reproduction. _bPalo Alto, Calif. : _cebrary, _d2009. _nAvailable via World Wide Web. _nAccess may be limited to ebrary affiliated libraries. |
||
| 650 | 0 | _aAIDS (Disease) | |
| 650 | 0 | _aInternational relations. | |
| 655 | 7 |
_aElectronic books. _2local |
|
| 710 | 2 | _aebrary, Inc. | |
| 856 | 4 | 0 |
_uhttp://site.ebrary.com/lib/rucke/Doc?id=10064792 _zAn electronic book accessible through the World Wide Web; click to view |
| 999 |
_c48283 _d48283 |
||